Taylor Swift - Paroles Wood - Statistiques

Statistiques générales
  • Ce quiz a été pris 38 fois
    29 depuis la dernière actualisation
  • Le résultat moyen est 248 sur 316
Statistiques - réponses
Hint Réponse % Correct
a
100%
A
100%
(Ah)
100%
ah
100%
And
100%
and
100%
I
100%
love
100%
me
100%
me,
100%
mm
100%
my
100%
on
100%
was
100%
you
100%
got
93%
the
93%
The
93%
to
93%
To
93%
wood
93%
ain't
87%
hard
87%
His
87%
it
87%
key
87%
knock
87%
opened
87%
see
87%
that
87%
thighs
87%
tree,
87%
be
80%
cat
80%
He
80%
he
80%
of
80%
we
80%
all
73%
All
73%
by
73%
eyes
73%
gotta
73%
in
73%
is
73%
It's
73%
it's
73%
know
73%
loves
73%
Redwood
73%
rock
73%
way
73%
your
73%
bouquet,
67%
catch
67%
forever
67%
magic
67%
make
67%
need
67%
not,
67%
not
67%
our
67%
wand
67%
baby,
60%
been
60%
black
60%
Couplet 1 Daisy's
60%
dancing
60%
dark
60%
did
60%
don't
60%
good
60%
I've
60%
manhood
60%
(Manhood)
60%
matized
60%
Never
60%
over
60%
own
60%
star
60%
understood
60%
any
53%
bitchin',
53%
cocky
53%
falling
53%
Post-refrain Forgive
53%
Couplet 2 Girls,
53%
Heights
53%
Heights)
53%
I'll
53%
laughed
53%
little
53%
luck
53%
New
53%
(New
53%
sounds
53%
superstitious
53%
(Superstitious)
53%
wishing
53%
bare
47%
curse
47%
naked,
47%
then
47%
admit
40%
broken
40%
hand
40%
mine
40%
back
33%
crack
33%
crossed
33%
distraught
33%
Seems
33%
Fingers
33%
him
33%
put
33%
Seems
33%
stepped
33%
took
33%
unlucky,
33%
until
33%
bad
27%
Penny's
27%
sign
27%
Aucun quiz correspondant
Distribution des résultats
% des personnes avec chaque résultat
Percentile par nombre de réponses
Votre historique - résultats
Vous n’avez pas pris ce quiz depuis la dernière actualisation